000 01566nam a2200181Ia 4500
005 20260302161543.0
008 260302s9999 xx 000 0 und d
020 _a9780792335009
082 _a338.9
_bLEN
100 _aLemons, J.
245 0 _aSustainable Development: Science, Ethics, and Public Policy /
_cLemons, J.; Brown, Donald A.
260 _bSpringer,
_c1995
300 _a284 pages
520 _aOf all the books written about the problems of sustainable development and environmental protection, Sustainable Development: Science, Ethics, and Public Policy is one of the first to examine the role of science, economics and law, and ethics as generally applied to decision making on sustainable development, particularly in respect to the recommendations contained in Agenda 21. Specifically, the book examines the role, capabilities, and certain strengths and weaknesses of these disciplines and their ethical implications in the context of sustainable development problems. Such an analysis is necessary to determine whether sustainable development problems create important new challenges and problems for government so that, where appropriate, new tools or approaches may be designed to overcome limitations or take advantage of the strengths of current scientific, economic and legal capabilities. Audience: Environmental professionals, whether academic, governmental or industrial, or in the private consultancy sector. Also suitable as an upper level text or reference.
650 _aScience
700 _aBrown, Donald A.
942 _cENGLISH
999 _c616678
_d616678